MARC

LEADER 00000nam1a2200000 4500
001 250769
005 20231101232608.0
035 |a (RuTPU)RU\TPU\book\272994 
090 |a 250769 
100 |a 20140217d1968 km y0rusy5003 ca 
101 0 |a rus 
102 |a RU 
200 1 |a Сборник научно-методических статей по теоретической механике  |f Госкомитет СССР по народному образованию ; Главное учебно-методическое управление высшего образования 
210 |a Москва  |c Изд-во МПИ  |d 1968-1991 
225 1 |a Теоретическая механика 
305 |a Издается с 1968 г. 
712 0 2 |a Госкомитет СССР по народному образованию  |2 stltpush  |3 (RuTPU)RU\TPU\col\12583  |9 25457 
712 0 2 |a Главное учебно-методическое управление высшего образования  |2 stltpush  |3 (RuTPU)RU\TPU\col\13844  |9 25795 
801 0 |a RU  |b RuMRKP  |c 19950417  |g psbo 
801 1 |a RU  |b 63413507  |c 20120428 
801 2 |a RU  |b 63413507  |c 20160401  |g RCR 
942 |c BK